|
|
|
|
| LEADER |
00000cam a2200000 7i4500 |
| 001 |
0000324708 |
| 005 |
20250704152905.0 |
| 006 |
a ###g ####000 |
| 007 |
t |
| 008 |
250704s2023 xxk# g #000 1eng d |
| 020 |
|
|
|a 9780241638477
|
| 040 |
|
|
|a MBPJ
|b eng
|c MBPJ
|e rda
|
| 090 |
0 |
0 |
|a F
|b BAR
|
| 100 |
1 |
|
|a Barnes, Jennifer Lynn ,
|e author
|
| 245 |
1 |
4 |
|a THE BROTHERS HAWTHORNE
|c JENNIFER LYNN BARNES
|
| 264 |
|
1 |
|a UK :
|b Penguin Books
|c 2023
|
| 300 |
|
|
|a 472 pages ;
|c 20 cm.
|
| 336 |
|
|
|a text
|2 rdacontent
|
| 337 |
|
|
|a unmediated
|2 rdamedia
|
| 338 |
|
|
|a volume
|2 rdacarrier
|
| 650 |
|
0 |
|a Children fiction
|
| 999 |
|
|
|a 00420556
|b BUKU
|c FICTION
|e PERPUSTAKAAN KOMUNITI PETALING JAYA
|